000 00325nam a2200133Ia 4500
008 190328s9999||||xx |||||||||||||| ||und||
082 _a657
_bRAI/B
100 _aRai, Ajay
245 0 _aBell Books: Quiz Yourself
250 _a1st
260 _aGhaziabad
_bVikas Publishing House Pvt. Ltd.
_c1980
300 _a50
942 _cBK
999 _c5196
_d5196